[Event "Chess Super League 2021"]
[Site "Online"]
[Date "2021.10.14"]
[Round "4.3"]
[White "Sethuraman, S.P."]
[Black "Karthikeyan, Murali"]
[Result "1/2-1/2"]
[WhiteElo "2620"]
[BlackElo "2630"]
[Annotator "TA"]
[PlyCount "153"]
[EventDate "2021.10.11"]
[EventType "team-tourn"]
[EventCountry "NET"]
[SourceTitle "playchess.com"]
[Source "ChessBase"]
[SourceQuality "1"]

{[%evp 14,153,29,24,20,11,10,16,33,42,31,37,36,42,55,31,36,34,40,14,56,59,67,67,60,68,87,87,123,100,330,190,292,215,206,199,295,280,295,178,211,193,197,144,152,146,146,147,139,149,149,116,121,106,121,103,120,120,121,108,139,131,130,136,176,175,173,167,167,167,188,187,189,195,189,165,197,201,245,221,237,221,252,237,300,295,396,389,340,373,366,354,305,266,276,257,243,191,192,179,286,273,239,0,197,203,204,204,204,193,172,172,197,197,197,195,197,199,190,165,165,165,165,165,165,165,165,165,165,157,158,150,150,150,165,133,116,0,129,0,101,0]} 1. d4 Nf6 2. c4 e6 3. Nf3 d5 4. Nc3 Bb4 5. Bg5 h6 6. Bxf6 Qxf6 7. Qa4+ Nc6 8. e3 O-O {D38: Queen's Gambit Declined: Ragozin Defence (4 Nf3 Bb4).} 9. Be2 dxc4 10. O-O a6 {The position is equal.} 11. Bxc4 Bd6 12. Ne4 Qe7 13. Rac1 e5 {[#]} 14. d5 $146 ({Predecessor:} 14. Nxd6 cxd6 15. Bd5 Bd7 16. Qb3 Rab8 17. Rfd1 Kh8 18. Qa3 Rfe8 19. dxe5 dxe5 20. Qxe7 Rxe7 {1-0 (71) Mchedlishvili,M (2655)-Sanikidze,T (2541) Tbilisi 2014}) 14... Na7 {Threatens to win with ...b5.} 15. Be2 c6 16. Qb3 cxd5 17. Qxd5 Bb8 18. Rfd1 Nc6 19. Qc5 Qxc5 20. Nxc5 ({Much worse is} 20. Rxc5 $6 Bf5 $11) 20... Re8 21. Nd2 b6 $2 {[#]} (21... Bd6 $16) 22. Na4 (22. Bf3 $142 $1 Nb4 23. Bxa8 bxc5 24. Ne4) 22... Bb7 (22... Ne7 {keeps fighting.} 23. Nxb6 Ra7 24. Nxc8 Rxc8 25. Rxc8+ Nxc8) 23. Nxb6 Ra7 24. Ndc4 e4 (24... Bc7 {was necessary.} 25. Nd5 Nd4 26. Rxd4 (26. Nxc7 Nxe2+ 27. Kf1 Re7 $16) (26. exd4 Bxd5 27. dxe5 Bxc4 $16) 26... exd4 27. Nxc7 Re7) 25. Nd6 $18 Re6 26. Nbc4 {Bg4 is the strong threat.} Ne5 27. Nxe5 Rxd6 28. Rxd6 (28. Nd7 $18 Rxd1+ 29. Rxd1) 28... Bxd6 $16 29. Nc6 Bxc6 30. Rxc6 {[%mdl 4160] [#] Endgame Double Attack. KRB-KRB} Be5 31. b3 a5 32. Rc4 Re7 33. g4 g6 34. Kg2 Bc7 35. Rc5 Kg7 36. h4 Bb6 37. Rd5 Rc7 38. Bc4 a4 39. Re5 axb3 40. axb3 Kf8 41. Rxe4 Re7 42. Rf4 Kg7 43. b4 {[%cal Bb3b4,Bb4b5][%mdl 32]} f6 44. b5 Re5 45. Be2 g5 46. hxg5 hxg5 47. Ra4 Re8 48. Bf3 Kf8 49. Bc6 Rd8 50. Kf3 Ke7 51. Ra6 Rb8 52. Ke4 Ke6 53. Ra1 Rd8 54. Ra2 Rh8 55. Rc2 {Strongly threatening Bd5+.} Rd8 56. Bb7 Rd6 (56... Rd1 {is a better defense.} 57. Bc6 Rd8) 57. Ra2 $18 Bc5 58. Rc2 Bb6 59. Rc8 Rd7 60. Rc6+ Rd6 61. Bc8+ Ke7 62. Rc2 Ba5 63. Ra2 Bb6 64. Ra1 Kd8 65. Bb7 Rd2 66. Kf3 Rb2 67. Bc6 Bc5 68. Rd1+ Ke7 69. Rd7+ Ke6 70. Rd8 Bb6 71. Re8+ Kd6 72. Rb8 Ba5 73. Rf8 Ke7 74. Re8+ Kd6 75. Rf8 Ke7 $1 {[%cal Re7f8]} 76. Rb8 Kd6 $1 77. Rf8 {Weighted Error Value: White=0.19/Black=0.21} ({Better is} 77. Rh8 $16) 1/2-1/2

[Event "Chess Super League 2021"]
[Site "Online"]
[Date "2021.10.14"]
[Round "4.3"]
[White "Muzychuk, Anna"]
[Black "Dzagnidze, Nana"]
[Result "1-0"]
[WhiteElo "2533"]
[BlackElo "2524"]
[Annotator "ChessBase"]
[PlyCount "69"]
[EventDate "2021.10.11"]
[EventType "team-tourn"]
[EventCountry "NET"]
[SourceTitle "playchess.com"]
[Source "ChessBase"]
[SourceQuality "1"]
[TimeControl "900+10"]

1. e4 {[%emt 0:00:15]} c5 {[%emt 0:00:14]} 2. Nf3 {[%emt 0:00:03]} d6 {[%emt 0:00:06]} 3. Bb5+ {[%emt 0:00:04]} Nd7 {[%emt 0:00:18]} 4. Ba4 {[%emt 0:00:07]} Ngf6 {[%emt 0:00:09]} 5. O-O {[%emt 0:00:11]} a6 {[%emt 0:00:41]} 6. c4 {[%emt 0:00:06]} g6 {[%emt 0:00:34]} 7. Nc3 {[%emt 0:00:17]} Bg7 {[%emt 0:00:02]} 8. d3 {[%emt 0:00:06]} O-O {[%emt 0:00:01]} 9. h3 {[%emt 0:00:05]} Rb8 {[%emt 0:04:59]} 10. Rb1 {[%emt 0:00:18]} b6 {[%emt 0:00:35]} 11. Be3 {[%emt 0:00:53]} Bb7 {[%emt 0:00:05]} 12. b4 {[%emt 0:00:42]} e6 {[%emt 0:01:09]} 13. Qd2 {[%emt 0:00:56]} Qc7 {[%emt 0:00:07]} 14. Rfc1 {[%emt 0:01:44]} Ba8 {[%emt 0:00:15]} 15. a3 {[%emt 0:00:32]} Rfd8 {[%emt 0:01:54]} 16. Bg5 {[%emt 0:01:06]} Ne5 {[%emt 0:00:16]} 17. Qe3 {[%emt 0:00:21]} h6 {[%emt 0:01:13]} 18. Bh4 {[%emt 0:00:42]} g5 {[%emt 0:00:45]} 19. Bg3 {[%emt 0:00:18]} Nh5 {[%emt 0:00:07]} 20. Bh2 {[%emt 0:00:32]} Ng6 {[%emt 0:00:03]} 21. Ne2 {[%emt 0:00:51]} Be5 {[%emt 0:01:12]} 22. Bxe5 {[%emt 0:01:05]} dxe5 {[%emt 0:00:12]} 23. g3 {[%emt 0:02:13]} Kg7 {[%emt 0:00:34]} 24. Nc3 {[%emt 0:01:15]} f5 {[%emt 0:00:46]} 25. bxc5 {[%emt 0:00:16]} bxc5 {[%emt 0:00:03]} 26. Rxb8 {[%emt 0:00:40]} Qxb8 {[%emt 0:00:28]} 27. Qxc5 {[%emt 0:00:55]} Rxd3 {[%emt 0:00:58]} 28. Rb1 {[%emt 0:00:04]} Qd6 {[%emt 0:00:55]} 29. Qa7+ {[%emt 0:00:31]} Kf6 {[%emt 0:00:02]} 30. Be8 {[%emt 0:00:38]} Ne7 {[%emt 0:00:47]} 31. Bxh5 {[%emt 0:00:20]} Bxe4 {[%emt 0:00:31]} 32. Nxe4+ {[%emt 0:00:12]} fxe4 {[%emt 0:00:01]} 33. Nh2 {[%emt 0:00:04]} e3 {[%emt 0:00:02]} 34. Ng4+ {[%emt 0:00:05]} Kg7 {[%emt 0:00:01]} 35. Nxe3 {[%emt 0:00:06]} 1-0

[Event "Chess Super League 2021"]
[Site "Online"]
[Date "2021.10.14"]
[Round "4.3"]
[White "Raja Harshit"]
[Black "Gukesh D"]
[Result "0-1"]
[WhiteElo "2494"]
[BlackElo "2640"]
[Annotator "TA"]
[PlyCount "117"]
[EventDate "2021.10.11"]
[EventType "team-tourn"]
[EventCountry "NET"]
[SourceTitle "playchess.com"]
[Source "ChessBase"]
[SourceQuality "1"]

{[%evp 10,117,25,28,36,18,26,19,27,20,35,26,14,16,23,17,42,33,34,34,105,75,93,85,104,101,86,89,147,143,150,144,197,91,174,189,603,262,212,161,233,245,421,408,433,432,432,417,410,429,449,418,415,387,768,339,352,342,437,207,189,198,233,228,186,96,137,122,132,133,127,0,62,0,128,41,133,-22,-20,-62,-20,-55,-29,-39,-8,-13,-20,-25,-29,-20,-28,-105,-26,-46,-75,-69,-68,-239,-239,-638,-614,-787,-793,-776,-771,-774,-754,-1122,-1079,-985]} 1. e4 c6 2. Nf3 d5 3. Nc3 dxe4 4. Nxe4 Nf6 5. Qe2 Nxe4 6. Qxe4 Nd7 {B11: Caro-Kann: Two Knights Variation.} 7. Bc4 Nf6 {[#]} 8. Ne5 $1 {[%csl Ge5][%cal Rc4f7]} e6 {The position is equal.} 9. Qe2 b5 10. Bd3 (10. Nxc6 Qc7 $15) 10... Bb7 11. a4 a6 12. b3 Be7 13. Bb2 {[%cal Ra4b5]} O-O 14. O-O {[#]} b4 $146 (14... Qc7 $14) ({Predecessor:} 14... Qd5 15. c4 Qd8 16. Qf3 Rb8 17. Qh3 h6 18. Rae1 bxc4 19. bxc4 c5 20. Bc3 Nd7 21. Nxd7 Qxd7 22. Qg3 g5 23. Qh3 f6 24. Rxe6 Rbe8 25. Bg6 {1-0 (25) Sarenac,D (2289)-Djukic,S (2172) Belgrade 2021}) 15. f4 $16 Bc5+ 16. Kh1 Bd4 17. c3 bxc3 18. dxc3 Bc5 (18... Bb6 $142) 19. b4 $1 {[%cal Rb4c5]} Bd6 20. Rf3 $1 g6 (20... c5 $16) 21. Rg3 (21. c4 $1 $18 {and White stays clearly on top.}) 21... c5 (21... a5 $16 {was worth a try.}) 22. c4 $1 $18 Qe7 $2 {[#]} (22... Be7) 23. Rd1 (23. Bxg6 $142 $1 {[%mdl 512]} fxg6 (23... hxg6 24. Nxg6) 24. Nxg6 hxg6 25. Rxg6+ Kf7 26. Rxf6+ Qxf6 27. Bxf6 Kxf6 28. Re1) 23... Rad8 (23... cxb4 $2 24. Bxg6 $1 {[%mdl 512]} Rfd8 25. Nxf7 $18) 24. b5 Bc7 (24... axb5 $142 25. axb5 (25. cxb5 c4 $16) 25... Bb8) 25. Re1 Rd6 $2 (25... Rd4 26. bxa6 (26. Bxd4 cxd4 27. Qf2 axb5 $16) 26... Bxa6) 26. f5 exf5 {[#] White must now prevent ...Re8.} 27. Nxg6 $1 {[%mdl 576] Double Attack, Discovered Attack} Qxe2 28. Ne7+ {[%mdl 64] Double Attack, Discovered Attack (Double check)} ({Weaker is} 28. Nxf8+ Qg4 $1 $14) 28... Kh8 29. Rxe2 Be4 30. Nd5 Bxd5 31. cxd5 Bd8 $2 (31... axb5 32. Bxb5 Bd8) 32. Bc4 (32. bxa6 $142 Rb6 33. a7) 32... axb5 33. axb5 Rg8 34. Rf3 (34. Ra3 $142) 34... Rg4 35. Ba2 ({Avoid the trap} 35. Rxf5 $2 Rxc4 36. h3 Kg7 $19) 35... Re4 36. Rxe4 fxe4 37. Rg3 (37. Rc3 $18) 37... h6 38. Be5 Rb6 39. Bc4 Kh7 40. Bc3 ({Better is} 40. d6 $16 Nd7 41. Rg7+ {[%mdl 64] Double Attack} Kh8 42. Bb2) 40... Rd6 (40... Ne8 $11) 41. Be5 (41. Bxf6 $14 Rxf6 42. Re3) 41... Rb6 $16 42. Ra3 (42. d6 $16 Nd7 43. Rg7+ {[%mdl 64] Double Attack} Kh8 44. Bb2) 42... Ng4 ({Black should play} 42... Nd7 $14 43. Bf4 Rb7) 43. Bc3 $2 (43. Bg3 $1 $16) 43... Ne3 $11 44. Be2 {Hoping for Ba5.} Nxd5 (44... c4 {keeps more tension.} 45. d6 Rxb5 46. h4 Nf5 47. Bxc4 Rb1+) 45. Ba5 Rb8 {aiming for ...Bxa5.} (45... Rd6 $5 {[%cal Rd8a5]} 46. Bd2 Bg5 $15) 46. Be1 Nc7 47. Rb3 Ne6 {Threatens to win with ...Nd4.} 48. Bc4 Nd4 49. Rb1 f5 50. Bg3 {[#]} (50. Ra1 $11 {remains equal.}) 50... Rb7 ({Black should try} 50... Ra8 $1 $17 51. Be5 Bb6) 51. Bd6 Bb6 52. Ra1 e3 53. g3 $2 {[#]} (53. g4 $15 e2 54. Bg3) 53... e2 $1 $19 54. Kg2 $2 (54. Rc1) 54... Nc2 {Black is clearly winning.} 55. Kf2 Nxa1 56. Kxe2 Rd7 57. Bf4 Nc2 58. Kf2 Rd4 59. Bf7 {Never resign too early!  Weighted Error Value: White=0.63/Black=0.29} 0-1

[Event "Chess Super League 2021"]
[Site "Online"]
[Date "2021.10.14"]
[Round "4.3"]
[White "Soumya, Swaminathan"]
[Black "Harika, Dronavalli"]
[Result "1/2-1/2"]
[WhiteElo "2351"]
[BlackElo "2511"]
[Annotator "ChessBase"]
[PlyCount "132"]
[EventDate "2021.10.11"]
[EventType "team-tourn"]
[EventCountry "NET"]
[SourceTitle "playchess.com"]
[Source "ChessBase"]
[SourceQuality "1"]
[TimeControl "900+10"]

1. e4 {[%emt 0:00:15]} e5 {[%emt 0:00:12]} 2. Nf3 {[%emt 0:00:02]} Nf6 {[%emt 0:00:02]} 3. Nxe5 {[%emt 0:00:04]} d6 {[%emt 0:00:02]} 4. Nf3 {[%emt 0:00:01]} Nxe4 {[%emt 0:00:02]} 5. d4 {[%emt 0:00:02]} d5 {[%emt 0:00:02]} 6. Bd3 {[%emt 0:00:02]} Bd6 {[%emt 0:00:16]} 7. O-O {[%emt 0:00:33]} O-O {[%emt 0:00:02]} 8. c4 {[%emt 0:00:45]} c6 {[%emt 0:00:02]} 9. Nc3 {[%emt 0:00:29]} Nxc3 {[%emt 0:00:43]} 10. bxc3 {[%emt 0:00:00]} dxc4 {[%emt 0:00:03]} 11. Bxc4 {[%emt 0:00:03]} Bf5 {[%emt 0:00:38]} 12. Re1 {[%emt 0:00:54]} Nd7 {[%emt 0:01:57]} 13. a4 {[%emt 0:01:03]} Qa5 {[%emt 0:03:19]} 14. Nh4 {[%emt 0:01:19]} Nb6 {[%emt 0:01:23]} 15. Bb3 {[%emt 0:04:34]} Rae8 {[%emt 0:02:50]} 16. Bd2 {[%emt 0:03:48]} Rxe1+ {[%emt 0:00:05]} 17. Qxe1 {[%emt 0:00:03]} Bd7 {[%emt 0:01:15]} 18. c4 {[%emt 0:00:54]} Qh5 {[%emt 0:00:02]} 19. g3 {[%emt 0:00:29]} Re8 {[%emt 0:00:24]} 20. Qf1 {[%emt 0:00:49]} Qe2 {[%emt 0:01:23]} 21. Qxe2 {[%emt 0:01:23]} Rxe2 {[%emt 0:00:03]} 22. Ra2 {[%emt 0:00:11]} Be6 {[%emt 0:00:27]} 23. Kf1 {[%emt 0:00:55]} Re4 {[%emt 0:00:02]} 24. d5 {[%emt 0:00:10]} cxd5 {[%emt 0:00:09]} 25. cxd5 {[%emt 0:00:15]} Bxd5 {[%emt 0:00:05]} 26. Bxd5 {[%emt 0:00:01]} Nxd5 {[%emt 0:00:01]} 27. Nf5 {[%emt 0:00:09]} Bf8 {[%emt 0:00:08]} 28. a5 {[%emt 0:00:04]} g6 {[%emt 0:00:11]} 29. Ne3 {[%emt 0:00:04]} Nxe3+ {[%emt 0:00:09]} 30. Bxe3 {[%emt 0:00:00]} a6 {[%emt 0:00:01]} 31. Rb2 {[%emt 0:00:13]} Bb4 {[%emt 0:00:27]} 32. Bb6 {[%emt 0:00:09]} f5 {[%emt 0:00:18]} 33. Rc2 {[%emt 0:00:13]} Kf7 {[%emt 0:00:24]} 34. h4 {[%emt 0:00:07]} Bd6 {[%emt 0:00:10]} 35. Kg2 {[%emt 0:00:14]} h5 {[%emt 0:00:10]} 36. Rc8 {[%emt 0:00:10]} Re8 {[%emt 0:00:02]} 37. Rc2 {[%emt 0:00:14]} f4 {[%emt 0:00:21]} 38. Kf3 {[%emt 0:00:18]} fxg3 {[%emt 0:00:01]} 39. fxg3 {[%emt 0:00:01]} Re5 {[%emt 0:00:12]} 40. Rd2 {[%emt 0:00:25]} Rf5+ {[%emt 0:00:05]} 41. Kg2 {[%emt 0:00:01]} Ke6 {[%emt 0:00:01]} 42. Rd3 {[%emt 0:00:14]} Bb4 {[%emt 0:00:28]} 43. Rb3 {[%emt 0:00:04]} Rb5 {[%emt 0:00:25]} 44. Re3+ {[%emt 0:00:26]} Re5 {[%emt 0:00:01]} 45. Rb3 {[%emt 0:00:06]} Re4 {[%emt 0:00:02]} 46. Kf3 {[%emt 0:00:04]} Rc4 {[%emt 0:00:01]} 47. Re3+ {[%emt 0:00:04]} Kf5 {[%emt 0:00:14]} 48. Re8 {[%emt 0:00:14]} Rc3+ {[%emt 0:00:01]} 49. Kg2 {[%emt 0:00:04]} Bd6 {[%emt 0:00:06]} 50. Bf2 {[%emt 0:00:05]} Ra3 {[%emt 0:00:26]} 51. Rd8 {[%emt 0:00:02]} Ke6 {[%emt 0:00:02]} 52. Rg8 {[%emt 0:00:10]} Kf7 {[%emt 0:00:10]} 53. Rd8 {[%emt 0:00:02]} Ke7 {[%emt 0:00:02]} 54. Rg8 {[%emt 0:00:04]} Ra2 {[%emt 0:00:01]} 55. Kf3 {[%emt 0:00:09]} Kf7 {[%emt 0:00:22]} 56. Rd8 {[%emt 0:00:05]} Be7 {[%emt 0:00:06]} 57. Rd7 {[%emt 0:00:04]} Rxa5 {[%emt 0:00:01]} 58. Rxb7 {[%emt 0:00:04]} Rf5+ {[%emt 0:00:01]} 59. Kg2 {[%emt 0:00:06]} a5 {[%emt 0:00:01]} 60. Ra7 {[%emt 0:00:04]} Kf8 {[%emt 0:00:22]} 61. Bb6 {[%emt 0:00:08]} Bb4 {[%emt 0:00:15]} 62. Be3 {[%emt 0:00:10]} Ke8 {[%emt 0:00:36]} 63. Ra6 {[%emt 0:00:28]} Kf7 {[%emt 0:00:05]} 64. Ra7+ {[%emt 0:00:02]} Ke8 {[%emt 0:00:47]} 65. Ra6 {[%emt 0:00:06]} Kf7 {[%emt 0:00:19]} 66. Ra7+ {[%emt 0:00:02]} Ke8 {[%emt 0:00:02]} 1/2-1/2

[Event "Chess Super League 2021"]
[Site "Online"]
[Date "2021.10.14"]
[Round "4.3"]
[White "Arpita, Mukherjee"]
[Black "Salonika, Saina"]
[Result "1-0"]
[WhiteElo "2229"]
[BlackElo "2206"]
[Annotator "NA"]
[PlyCount "43"]
[EventDate "2021.10.11"]
[EventType "team-tourn"]
[EventCountry "NET"]
[SourceTitle "playchess.com"]
[Source "ChessBase"]
[SourceQuality "1"]
[TimeControl "900+10"]

1. e4 {[%emt 0:00:17]} c5 {[%emt 0:00:15]} 2. Nf3 {[%emt 0:00:02]} d6 {[%emt 0:00:02]} 3. Bb5+ {[%emt 0:00:03]} Nc6 {[%emt 0:00:04]} 4. d4 {[%emt 0:00:14]} cxd4 {[%emt 0:00:02]} 5. Qxd4 {[%emt 0:00:07]} Bd7 {[%emt 0:00:09]} 6. Bxc6 {[%emt 0:00:03]} bxc6 {[%emt 0:00:31]} 7. c4 {[%emt 0:00:11]} c5 {[%emt 0:00:22]} 8. Qd3 {[%emt 0:00:30]} g6 {[%emt 0:00:31]} 9. Nc3 {[%emt 0:00:53]} Nf6 {[%emt 0:00:56]} 10. O-O {[%emt 0:01:21]} Bg7 {[%emt 0:00:07]} 11. Bg5 {[%emt 0:00:15]} O-O {[%emt 0:00:17]} 12. Rad1 {[%emt 0:00:04]} Bc6 {[%emt 0:01:55]} 13. Rfe1 {[%emt 0:01:51]} Qb6 {[%emt 0:00:57]} 14. b3 {[%emt 0:00:14]} h6 {[%emt 0:01:16]} 15. Bh4 {[%emt 0:01:12]} a5 {[%emt 0:03:03]} 16. e5 {[%emt 0:04:36]} dxe5 {[%emt 0:00:34]} 17. Nxe5 {[%emt 0:00:03]} Rad8 {[%emt 0:01:19]} 18. Qe2 {[%emt 0:00:27]} e6 {[%emt 0:01:17]} 19. Rxd8 {[%emt 0:01:30]} Rxd8 {[%emt 0:00:15]} 20. Nxf7 {[%emt 0:00:22]} Re8 {[%emt 0:00:27]} 21. Nd6 {[%emt 0:00:06]} Re7 {[%emt 0:00:08]} 22. Nc8 {[%emt 0:00:02]} 1-0

[Event "Chess Super League 2021"]
[Site "Online"]
[Date "2021.10.15"]
[Round "5.1"]
[White "Gukesh D"]
[Black "Iniyan, P."]
[Result "1-0"]
[WhiteElo "2640"]
[BlackElo "2529"]
[Annotator "TA"]
[PlyCount "75"]
[EventDate "2021.10.11"]
[EventType "team-tourn"]
[EventCountry "NET"]
[SourceTitle "playchess.com"]
[Source "ChessBase"]
[SourceQuality "1"]

{[%evp 9,75,26,48,39,46,52,48,48,52,48,48,50,48,53,41,37,43,14,77,79,125,114,102,95,88,98,80,95,164,141,127,51,41,43,35,2,63,49,227,230,240,220,406,402,411,411,385,386,448,428,486,486,603,577,1086,1085,911,864,12834,12835,1914,1221,12837,11769,12838,12838,12844,12844]} 1. d4 Nf6 2. c4 c5 3. d5 b5 4. cxb5 a6 5. bxa6 g6 6. Nc3 {A58: Benko/Volga Gambit: Lines with 5 bxa6.} Bg7 7. e4 {a7 is the strong threat.} O-O 8. a7 {White is slightly better.} Rxa7 9. Nf3 e6 10. Be2 exd5 11. exd5 d6 12. O-O Na6 13. Bc4 $5 {[%mdl 4] A promising side line.} Bf5 {[#]} (13... Nc7 $11 {keeps the balance.}) 14. Bf4 $146 ({Predecessor:} 14. Bd2 Nc7 15. Re1 Nd7 16. a4 Nb6 17. b3 Qa8 18. Rc1 Nbxd5 19. Nxd5 Nxd5 20. Bxd5 Qxd5 {½-½ (73) Vovk,Y (2628)-Robson,R (2680) Baku 2015}) 14... Ne4 15. Nxe4 Bxe4 16. Nd2 Bf5 17. g4 Bc8 18. Ne4 $36 {[%mdl 2048] Keeping Black busy.} Bxg4 19. Qxg4 $18 f5 20. Qg5 (20. Qg3 $16 fxe4 21. Rae1 (21. Bxd6 $2 Rf3 $19)) 20... fxe4 $14 21. Qxd8 Rxd8 22. Rfe1 Bxb2 (22... Nb4 $11 23. Rxe4 Bxb2) 23. Rab1 Bg7 {Loses the game.} ({Black should play} 23... Bd4 $14) 24. Rb6 $18 ({Worse is} 24. Rxe4 Nb4 $11) 24... Nb4 25. Bxd6 Bf8 $2 {[#]} (25... Nc2 26. Rxe4 Na3) 26. Bc7 $1 {[%mdl 512]} Rxc7 27. d6+ {[%mdl 64] Discovered Attack} Rf7 28. Rb7 {[%cal Rb7f7][%mdl 64] Pin} Rxd6 {Strongly threatening ...Nd5.} 29. Bxf7+ {White is clearly winning.} Kh8 30. Rxe4 Rf6 31. Bc4 Nc2 32. a4 {[%cal Ba2a4,Ba4a5,Ba5a6,Ba6a7][%mdl 32]} Nd4 33. a5 {And now a6 would win.} Nf3+ 34. Kg2 Nd2 35. Rh4 {[%csl Gb7][%cal Rh4h7]} h6 36. a6 Nxc4 37. a7 Nb6 {[#]} 38. Rxb6 $1 {[%mdl 576] Remove Defender, Promotion.  Weighted Error Value: White=0.09/Black=0.48} 1-0

[Event "Chess Super League 2021"]
[Site "Online"]
[Date "2021.10.15"]
[Round "5.1"]
[White "Sethuraman, S.P."]
[Black "Karjakin, Sergey"]
[Result "1/2-1/2"]
[WhiteElo "2620"]
[BlackElo "2743"]
[Annotator "TA"]
[PlyCount "68"]
[EventDate "2021.10.11"]
[EventType "team-tourn"]
[EventCountry "NET"]
[SourceTitle "playchess.com"]
[Source "ChessBase"]
[SourceQuality "1"]

{[%evp 17,68,31,35,35,22,21,21,15,17,19,39,18,10,18,27,29,16,16,16,25,26,4,4,0,0,0,0,0,0,0,0,0,0,0,0,0,0,0,0,0,0,0,0,0,0,0,0,0,0,0,0,0,0]} 1. d4 Nf6 2. c4 e6 3. Nc3 Bb4 4. Qc2 d5 5. a3 Bxc3+ 6. Qxc3 Ne4 7. Qc2 c5 8. dxc5 Nc6 9. Nf3 {Nowadays more popular than 9.cxd5.} Qa5+ 10. Bd2 {E37: Nimzo-Indian: Classical: 4...d5 5 a3 Bxc3+ 6 Qxc3 Ne4.} Qxc5 11. e3 Nxd2 12. Nxd2 dxc4 13. Bxc4 O-O 14. O-O Ne5 15. b4 Qc7 {[#]} 16. Rac1 $146 ({Predecessor:} 16. f4 Nxc4 17. Qxc4 Qe7 18. Qe4 a5 19. Nf3 axb4 20. axb4 Rxa1 21. Rxa1 h6 22. Rc1 {½-½ (43) Markos,J (2568)-Kuzubov,Y (2578) Polanica Zdroj 2008}) 16... Nxc4 17. Qxc4 Qxc4 18. Nxc4 Rd8 19. Na5 (19. Rfd1 {looks sharper.} Bd7 20. Na5 b6 21. Nb7 Rdc8 22. Nd6) 19... Kf8 {The position is equal.} 20. Rc3 b6 21. Nc6 Rd6 22. Nxa7 Ba6 23. b5 {[#] Strongly threatening Rc7.} Rxa7 24. bxa6 $11 {[%mdl 4096] Endgame KRR-KRR} b5 25. Rb1 Rdxa6 26. Rxb5 Rxa3 {[#] ( -> ...Ra1+)} 27. Rxa3 Rxa3 {KR-KR} 28. g3 g6 29. Kg2 Kg7 30. h4 h5 31. Rc5 Ra2 32. Rb5 Ra3 33. Rc5 Ra2 34. Rb5 Ra3 {A rather calm draw.  Weighted Error Value: White=0.03/Black=0.01} 1/2-1/2

[Event "Chess Super League 2021"]
[Site "Online"]
[Date "2021.10.15"]
[Round "5.1"]
[White "Koneru, Humpy"]
[Black "Giri, Anish"]
[Result "1/2-1/2"]
[WhiteElo "2586"]
[BlackElo "2774"]
[Annotator "TA"]
[PlyCount "105"]
[EventDate "2021.10.11"]
[EventType "team-tourn"]
[EventCountry "NET"]
[SourceTitle "playchess.com"]
[Source "ChessBase"]
[SourceQuality "1"]

{[%evp 28,105,18,17,23,0,22,22,21,16,16,21,26,28,33,8,7,5,14,21,56,12,5,1,13,7,15,0,0,0,0,0,0,0,0,0,0,0,0,0,0,0,0,0,0,0,0,0,0,0,0,0,0,0,0,0,0,0,0,0,0,0,0,0,0,0,0,0,0,0,0,0,0,0,0,0,0,0,0,0]} 1. Nf3 Nf6 2. c4 b6 3. b3 e6 4. Bb2 Bb7 5. g3 c5 6. Bg2 Be7 7. O-O O-O 8. d4 cxd4 9. Qxd4 d6 10. Nc3 a6 11. Rfd1 Nbd7 12. Ng5 Bxg2 13. Kxg2 Qc7 14. Nge4 Rfd8 15. f3 ({Don't blunder} 15. Nxd6 $2 e5 $19) 15... Nc5 {A30: Symmetrical English: Double Fianchetto and Hedgehog.} 16. Rac1 Qb7 17. Nxf6+ Bxf6 18. Qd2 d5 19. cxd5 exd5 20. Na4 Bxb2 21. Nxc5 (21. Nxb2 {keeps more tension.} Ne6 22. Nd3 d4 23. Rc2 Rac8 24. Rdc1) 21... bxc5 22. Qxb2 {[#]} Qe7 $146 ({Predecessor:} 22... Rac8 23. Rd2 Re8 24. Rcd1 d4 25. Qc2 Re3 26. Rd3 Re5 27. e4 Rf8 28. Qc4 a5 {½-½ (50) Hollan,M (2403)-Wagh,S (2229) New Delhi 2019}) 23. Qc2 d4 24. Qe4 Qd6 {The position is equal.} 25. Qf4 {With the idea Qxd6.} Qb6 26. e3 h6 27. exd4 Rxd4 28. Rxd4 cxd4 $11 {[%mdl 4096] Endgame KQR-KQR} 29. Rc7 Rf8 30. Rd7 Qa5 31. a4 Qc3 32. Qxd4 Qxb3 33. g4 (33. Qe4 {with more complications.} Qb2+ 34. Kh3 Qc1 35. f4 Qf1+ 36. Kh4) 33... Re8 34. Rd8 Qc2+ 35. Kh3 Rxd8 36. Qxd8+ {KQ-KQ} Kh7 37. Qd7 Qc4 38. Kg3 g6 39. h4 Kg7 40. Qd1 (40. Qe8 {is more complex.} Qc7+ 41. Kh3 Qf4 42. Qc6 a5 43. Qc3+) 40... Qc7+ (40... a5 {seems wilder.} 41. Qd7 Qc3 42. Qd1 Qe5+ 43. Kh3 h5) 41. Kg2 Qc3 42. Kg3 Qe5+ 43. Kg2 h5 44. gxh5 gxh5 45. Qd3 a5 46. Qd8 Qc5 (46... f6 {with more complications.} 47. Kh3 Qf5+ 48. Kg3 Kh6 49. Qd2+ Kg6) 47. Kg3 Qe5+ (47... Kg6 {looks sharper.} 48. Kg2 Qe5 49. Qb6+ Kf5 50. Qc6 Qe2+) 48. Kg2 f6 (48... Kg6 {is interesting.} 49. Qb6+ Kf5 50. Qc6 Qe2+ 51. Kg3 Qe1+) 49. Qd7+ Kg6 50. Qd3+ Kg7 51. Qd7+ Kg6 52. Qd3+ Kg7 53. Qd7+ {A rather calm draw.  Weighted Error Value: White=0.05/Black=0.05} 1/2-1/2